书目信息 |
| 题名: |
矿井风流流动与控制
|
|
| 作者: | 王海宁 著 | |
| 分册: | ||
| 出版信息: | 北京 冶金工业出版社 2007.01 |
|
| 页数: | 263页 | |
| 开本: | 21cm | |
| 丛书名: | ||
| 单 册: | ||
| 中图分类: | TD72 | |
| 科图分类: | ||
| 主题词: | 矿井--kuang jing--矿山通风--研究 | |
| 电子资源: | ||
| ISBN: | 978-7-5024-4150-0 | |
| 000 | 00793nam0 2200229 450 | |
| 001 | 012007532325 | |
| 005 | 20071010112307.29 | |
| 010 | @a978-7-5024-4150-0@dCNY30.00 | |
| 100 | @a20070203d2007 km y0chiy0120 ea | |
| 101 | 0 | @achi |
| 102 | @aCN@b110000 | |
| 105 | @aa a 001yy | |
| 200 | 1 | @a矿井风流流动与控制@Akuang jing feng liu liu dong yu kong zhi@f王海宁著@Fwang hai ning zhu |
| 210 | @a北京@c冶金工业出版社@d2007.01 | |
| 215 | @a263页@c图@d21cm | |
| 320 | @a有书目 (第254-263页) 和索引。 | |
| 330 | @a本书在介绍矿井通风方面研究现状的基础上,阐述了矿井风流流动的基础理论、矿井通风网络基本性质、矿井通风构筑物及选型方法等。 | |
| 606 | 0 | @a矿井@Akuang jing@x矿山通风@x研究 |
| 690 | @aTD72@v4 | |
| 701 | 0 | @a王海宁@Awang hai ning@4著 |
| 801 | 0 | @aCN@c20071010 |
| 905 | @dTD72@eW204 | |
| 矿井风流流动与控制/王海宁著.-北京:冶金工业出版社,2007.01 |
| 263页:图;21cm |
| ISBN 978-7-5024-4150-0:CNY30.00 |
| 本书在介绍矿井通风方面研究现状的基础上,阐述了矿井风流流动的基础理论、矿井通风网络基本性质、矿井通风构筑物及选型方法等。 |
| ● |
| 相关链接 |
|
|
|
正题名:矿井风流流动与控制
索取号:TD72/W204
 
预约/预借
| 序号 | 登录号 | 条形码 | 馆藏地/架位号 | 状态 | 备注 |
| 1 | 243746 | 202437461 | 自科库501/501自科库 21排3列2层/ [索取号:TD72/W204] | 在馆 |